الإسلام بين الشرق والغرب / (Record no. 24999)
[ view plain ]
| 000 -الفاتح | |
|---|---|
| حقل البيانات ثابتة الطول | 01232nam a22003017a 4500 |
| 003 - محدد رقم الضبط | |
| رقم الضبط | OSt |
| 005 - وقت وتاريخ اخر تعامل مع التسجيلة | |
| رقم الضبط | 20201128024149.0 |
| 008 - عناصر البيانات ثابتة الطول - معلومات عامة | |
| حقل البيانات ثابتة الطول | 170709s2015 ua grb 000 0 ara d |
| 017 ## - رقم الإيداع القانونى | |
| رقم الإيداع القانونى | 2009 / 17024 |
| 020 ## - الرقم الدولى المعيارى للكتب | |
| الرقم الدولى المعيارى للكتاب | 9789770926796 |
| 040 ## - مصدر الفهرسة | |
| وكالة الفهرسة الأصلية | EG-ScBUE |
| لغة الفهرسة | ara |
| وكالة النسخ | EG-ScBUE |
| 041 1# - رمز اللغة | |
| رمز لغة النص/ المسارات الصوتية أو العنوان الانفرادي | ara |
| رمز اللغة الوسيطة | eng |
| رمز لغة الترجمات و/او الاصلية المتوسطة للنص | bos |
| 082 04 - رقم تصنيف ديوى العشرى | |
| رقم الطبعة | 22 |
| رقم التصنيف | 297.29 |
| رقم المادة | ب ي ج |
| 100 1# - المدخل الرئيسى - إسم شخصى | |
| الإسم الشخصى | بيجوفيتش، علي عزت. |
| التواريخ المصاحبة للاسم | 1925-2003. |
| 9 (RLIN) | 25149 |
| 245 12 - بيان العنوان | |
| العنوان | الإسلام بين الشرق والغرب / |
| بيان المسئوليه,etc | علي عزت بيجوفيتش ؛ تقديم عبد الوهاب المسيري ؛ [ترجمة محمد يوسف عدس] |
| 250 ## - بيان الطبعة | |
| بيان الطبعة | ط. 6. |
| 260 ## - PUBLICATION, DISTRIBUTION, ETC. (IMPRINT) | |
| مكان الناشر او الموزع | القاهرة : |
| اسم الناشر او الموزع | دار الشروق، |
| تاريخ النشر أو التوزيع | 2015. |
| 300 ## - الوصف المادى | |
| التعداد | 379 ص. ؛ |
| أبعاد الوعاء | 27 سم. |
| 504 ## - تبصرة ببليوجرافية | |
| تبصرة ببليوجرافية,الخ | يشتمل على إرجاعات ببليوجرافية. |
| 546 ## - تبصرة اللغة | |
| تبصرة اللغة | : النص باللغة العربية ؛ مترجم من اللغة الإنجليزية الذي صدر في الأصل باللغة البوسنية. |
| 590 ## - تبصرة محلية(RLIN) | |
| تبصرة محلية | سارة |
| 650 #7 - المدخل الاضافى بالموضوع-مصطلح موضوعى | |
| مصدر الرأس أو المصطلح | BUEsh |
| مصطلح موضوعي أو اسم جغرافي كعنصر مدخل | الإسلام |
| التقسيم الفرعي الشكلي | نظريات. |
| 9 (RLIN) | 1817 |
| 651 ## - المدخل الاضافى بالموضوع - اسم جغرافى | |
| مصدر الرأس أو المصطلح | BUEsh |
| 653 ## - مصطلح تكشيفى غير مقيد | |
| Resource For college | Generalities |
| Arrived date list | July2017 |
| 700 1# - المدخل الاضافى - اسم شخصى | |
| الإسم الشخصى | المسيري، عبد الوهاب، |
| الدور | مقدم. |
| 9 (RLIN) | 28146 |
| 700 1# - المدخل الاضافى - اسم شخصى | |
| الإسم الشخصى | عدس، محمد يوسف، |
| الدور | مترجم. |
| 942 ## - عناصر المدخل الإضافي( كوها) | |
| مصدر التصنيف او مخطط الترفيف | Dewey Decimal Classification |
| حالة التراجع | حالة الفقد | مصدر التصنيف او خطة الترفيف | حالة تلف | ليس للاعارة | مجموعات كوها | المكان الدائم | المكان الحالي | موقع الترفيف | تاريخ الاكتساب | Source of acquisition | سعر الشراء الطبيعي | تعداد مسلسل / التسلسل الزمني | رقم الاستدعاء | الباركود | Date last seen | مُعار | التكلفة | نوع الوعاء |
|---|---|---|---|---|---|---|---|---|---|---|---|---|---|---|---|---|---|---|
| Dewey Decimal Classification | Central Library | Central Library | Lower Floor | 09/07/2017 | Purchase | 58.00 | 000203 | 297.29 ب ي ج | 000046110 | 20/10/2025 | 28/07/2025 | 72.50 | Book - Borrowing |